Becoming a reflective educator : How to build a culture of inquiry in the schools (Record no. 1384735)

MARC details
000 -LEADER
fixed length control field 00677nam a2200217Ia 4500
005 - DATE AND TIME OF LATEST TRANSACTION
control field 20250508163706.0
008 - FIXED-LENGTH DATA ELEMENTS--GENERAL INFORMATION
fixed length control field 008 250505s9999 xx 000 0 eng d
020 ## - INTERNATIONAL STANDARD BOOK NUMBER
International Standard Book Number 0-8039-6095-6
037 ## - SOURCE OF ACQUISITION
Stock number Textual
040 ## - CATALOGING SOURCE
Original cataloging agency FEDL
Language of cataloging eng
Transcribing agency FEDL
041 ## - LANGUAGE CODE
Language code of text/sound track or separate title eng
Source of code eng
084 ## - COLON CLASSIFICATION NUMBER
Classification number 371.102, BRU
Assigning agency FEDL
100 ## - MAIN ENTRY--PERSONAL NAME
Personal name Brubacher John W
9 (RLIN) 622150
245 #0 - TITLE STATEMENT
Title Becoming a reflective educator : How to build a culture of inquiry in the schools
260 ## - PUBLICATION, DISTRIBUTION, ETC.
Place of publication, distribution, etc. Thousand Oaks, USA
Name of publisher, distributor, etc. Corwin Press, Inc
Date of publication, distribution, etc. 1994
300 ## - PHYSICAL DESCRIPTION
Extent xiv,144p
650 ## - SUBJECT ADDED ENTRY--TOPICAL TERM
Topical term or geographic name entry element Teaching
700 ## - ADDED ENTRY--PERSONAL NAME
Personal name Case Charles W Reagan Timothy G
9 (RLIN) 776008
942 ## - ADDED ENTRY ELEMENTS (KOHA)
Koha item type Textual
Classification part 371.102, BRU
Holdings
Withdrawn status Lost status Damaged status Not for loan Home library Current library Date acquired Total Checkouts Full call number Barcode Date last seen Price effective from Koha item type
        Department of Education Library Department of Education Library 2025-05-08   371.102, BRU EL0078257 2025-05-08 2025-05-08 Textual
Copyright @ Delhi University Library System